[Event "Prague International Open"]
[Site "Prague CZE"]
[Date "2019.03.10"]
[Round "3.13"]
[White "Bakhmatsky, Vladislav"]
[Black "Kueppers, Timo"]
[Result "1-0"]
[BlackTitle "FM"]
[WhiteElo "2419"]
[BlackElo "2303"]
[WhiteFideId "14124890"]
[BlackFideId "16205820"]
[EventDate "2019.03.09"]

1. e4 c5 2. Nf3 d6 3. d4 cxd4 4. Nxd4 Nf6 5. Nc3 a6 6. Bg5 Nbd7 7. Qe2 h6 8. Bh4
g6 9. f4 e5 10. fxe5 dxe5 11. O-O-O Qc7 12. Nb3 b5 13. Nd5 Nxd5 14. exd5 Bd6 15.
Qd2 f5 16. g4 e4 17. Qg2 Nc5 18. Nxc5 Qxc5 19. Bg3 O-O 20. Bxd6 Qxd6 21. Be2 Kh7
22. h4 fxg4 23. h5 Bf5 24. Kb1 g5 25. Bxg4 Bxg4 26. Qxg4 Rf4 27. Qe2 Raf8 28.
Rhe1 R8f5 29. c4 Qf6 30. Qc2 Rf2 31. Qc3 Qxc3 32. bxc3 bxc4 33. Rxe4 R5f4 34.
Rxf4 Rxf4 35. d6 Rf8 36. Re1 Kg7 37. Re6 Rf3 38. Rg6+ Kf7 39. Kb2 Rd3 40. Rxh6
g4 41. Rg6 g3 42. d7 Rxd7 43. Rxg3 Rd2+ 44. Ka3 Rh2 45. Rg5 Ke7 46. Ra5 Kd7 47.
Kb4 Rh4 48. Rg5 Kc6 49. Rg6+ Kb7 50. h6 Rh5 51. Kxc4 Ra5 52. Rg8 Rh5 53. Rh8 Kb6
54. h7 Ka5 55. Kd4 Rh4+ 56. Kd5 Rh5+ 57. Kd6 Rh6+ 58. Kd7 Rh4 59. c4 Rd4+ 60.
Ke6 1-0

[Event "Prague International Open"]
[Site "Prague CZE"]
[Date "2019.03.10"]
[Round "3.14"]
[White "Akash, G"]
[Black "Dong, Bao Nghia"]
[Result "0-1"]
[WhiteTitle "IM"]
[WhiteElo "2411"]
[BlackElo "2180"]
[WhiteFideId "5040299"]
[BlackFideId "12400343"]
[EventDate "2019.03.09"]

1. e4 e5 2. Nf3 Nc6 3. Bb5 a6 4. Ba4 Nf6 5. O-O d6 6. c3 b5 7. Bc2 Be7 8. Re1
Bb7 9. d4 exd4 10. cxd4 Nb4 11. Bb3 c5 12. d5 a5 13. a3 Na6 14. a4 b4 15. Nbd2
O-O 16. h3 Re8 17. Nc4 Bf8 18. Bg5 Nb8 19. Nfd2 Nbd7 20. f4 h6 21. Bh4 Qb8 22.
Qf3 Qa7 23. Qd3 Ba6 24. Qf3 Bb7 25. Rad1 Be7 26. Kh1 Rad8 27. Nf1 Nf8 28. Bg3
Qa8 29. Nfe3 Ng6 30. Nf5 Bf8 31. Bf2 Rxe4 32. Rxe4 Bxd5 33. Rxd5 Nxd5 34. Ncxd6
Bxd6 35. Bxd5 Qxd5 36. Ne3 Qb3 37. Nc4 Qxf3 38. gxf3 Bxf4 39. h4 h5 40. Nxa5 Rd2
41. Bxc5 Rd1+ 42. Bg1 f5 43. Re8+ Kf7 44. Re2 Nxh4 45. Nc4 Nxf3 46. Kg2 Nxg1 47.
Rf2 g5 48. a5 h4 49. Rf1 h3+ 50. Kxg1 h2+ 0-1

[Event "Prague International Open"]
[Site "Prague CZE"]
[Date "2019.03.10"]
[Round "3.15"]
[White "Sivuk, Vitaly"]
[Black "Sorm, Daniel"]
[Result "1-0"]
[WhiteTitle "GM"]
[BlackTitle "FM"]
[WhiteElo "2514"]
[BlackElo "2308"]
[WhiteFideId "14116502"]
[BlackFideId "5400139"]
[EventDate "2019.03.09"]

1. e4 c6 2. d4 d5 3. e5 c5 4. dxc5 Nc6 5. a3 Nxe5 6. b4 e6 7. Bb2 Nc6 8. Nf3 Nf6
9. Bb5 Bd7 10. c4 a6 11. Ba4 Be7 12. O-O O-O 13. Nc3 dxc4 14. Qe2 b5 15. cxb6
Qxb6 16. Qxc4 Rac8 17. Qh4 a5 18. Bc2 h6 19. b5 Nb8 20. a4 Bb4 21. Ne4 Nd5 22.
Bb3 Nc3 23. Rae1 Rfe8 24. Ne5 Qd8 25. Qg3 Nxe4 26. Rxe4 Bf8 27. Rd1 Qe7 28. Rf4
f5 29. Rxf5 1-0

[Event "Prague International Open"]
[Site "Prague CZE"]
[Date "2019.03.10"]
[Round "3.16"]
[White "Stany, G.A."]
[Black "Belous, Mikhail"]
[Result "1-0"]
[WhiteTitle "IM"]
[BlackTitle "FM"]
[WhiteElo "2507"]
[BlackElo "2300"]
[WhiteFideId "5029104"]
[BlackFideId "14127555"]
[EventDate "2019.03.09"]

1. e4 c5 2. Nf3 d6 3. d4 cxd4 4. Nxd4 Nf6 5. Nc3 a6 6. Be3 e5 7. Nb3 Be6 8. f3
h5 9. Qd2 Nbd7 10. Nd5 Nxd5 11. exd5 Bf5 12. Na5 Qc7 13. c4 b6 14. Nc6 Nb8 15.
Nxb8 Rxb8 16. Be2 Be7 17. O-O h4 18. f4 e4 19. Bd4 Bf6 20. Bxf6 gxf6 21. b4 Kf8
22. Rac1 a5 23. a3 axb4 24. axb4 Kg7 25. Rc3 Rh6 26. Ra1 Rg6 27. Rca3 b5 28.
cxb5 Bd7 29. Qd4 Bxb5 30. Bh5 Rh6 31. Ra7 Rb7 32. Rxb7 Qxb7 33. Bg4 Qc7 34. Qxe4
Qc3 35. Rd1 Rh8 36. Qd4 Qxd4+ 37. Rxd4 Ra8 38. h3 Kg6 39. f5+ Kg5 40. Bf3 Rh8
41. Kf2 Kxf5 42. Ke3 Ke5 43. Re4+ Kf5 44. Kd4 Ba4 45. Rg4 Bc2 46. b5 Rb8 47. Kc3
Bb1 48. Rb4 Rc8+ 49. Kb2 Bd3 50. Bg4+ 1-0

[Event "Prague International Open"]
[Site "Prague CZE"]
[Date "2019.03.10"]
[Round "3.17"]
[White "Kashlinskaya, Alina"]
[Black "Svanda, Ondrej"]
[Result "1/2-1/2"]
[WhiteTitle "IM"]
[BlackTitle "FM"]
[WhiteElo "2470"]
[BlackElo "2298"]
[WhiteFideId "4198026"]
[BlackFideId "359670"]
[EventDate "2019.03.09"]

1. d4 Nf6 2. c4 e6 3. Nc3 Bb4 4. Qc2 Nc6 5. Nf3 d6 6. Bd2 Qe7 7. a3 Bxc3 8. Bxc3
O-O 9. e3 e5 10. d5 Nb8 11. Nd2 c6 12. dxc6 Nxc6 13. Bd3 Be6 14. O-O d5 15. cxd5
Bxd5 16. b4 a6 17. Rac1 Rfd8 18. Qb1 Qd7 19. Be2 Rac8 20. Rfd1 Qc7 21. a4 Ne7
22. b5 axb5 23. Bb4 Qd7 24. axb5 Ng6 25. h3 Rxc1 26. Rxc1 Rc8 27. Rd1 Qc7 28.
Nf3 h6 29. Ba3 Qc2 30. Qxc2 Rxc2 31. Bd3 Rc3 32. Bxg6 Rxa3 33. e4 Nxe4 34. Rxd5
fxg6 35. Rxe5 Nc3 36. Rc5 b6 37. Rc6 Nxb5 38. Rxb6 Nc3 39. Rxg6 Ra1+ 40. Kh2 Ne4
41. Nh4 Nxf2 42. Nf5 Ra7 43. Kg1 Kh7 44. Rxg7+ Rxg7 45. Nxg7 Nxh3+ 46. gxh3 1/2-1/2

[Event "Prague International Open"]
[Site "Prague CZE"]
[Date "2019.03.10"]
[Round "3.18"]
[White "Shagbazyan, Taron"]
[Black "Chittka, Julius"]
[Result "1/2-1/2"]
[WhiteTitle "FM"]
[WhiteElo "2421"]
[BlackElo "2288"]
[WhiteFideId "14122073"]
[BlackFideId "12954772"]
[EventDate "2019.03.09"]

1. d4 Nf6 2. c4 g6 3. g3 c6 4. Nc3 d5 5. cxd5 cxd5 6. Bg2 Bg7 7. Nh3 Nc6 8. Nf4
e6 9. e3 O-O 10. b3 Ne8 11. O-O Nd6 12. a4 Re8 13. Ba3 b6 14. Rc1 Bb7 15. Rc2
Rc8 16. Qb1 Nf5 17. Rfc1 Bh6 18. Nce2 Qd7 19. Rc3 Bg7 20. h4 h5 21. Nd3 Nd6 22.
Ndf4 Ne7 1/2-1/2

[Event "Prague International Open"]
[Site "Prague CZE"]
[Date "2019.03.10"]
[Round "3.19"]
[White "Vybiral, Zdenek"]
[Black "Pulpan, Jakub"]
[Result "0-1"]
[BlackTitle "IM"]
[WhiteElo "2274"]
[BlackElo "2417"]
[WhiteFideId "305200"]
[BlackFideId "302759"]
[EventDate "2019.03.09"]

1. d4 Nf6 2. Bg5 d5 3. Bxf6 exf6 4. e3 Bd6 5. c4 dxc4 6. Bxc4 c6 7. Nc3 f5 8.
Nge2 O-O 9. Qc2 Nd7 10. Bd3 g6 11. h4 Nf6 12. h5 Nxh5 13. Rxh5 gxh5 14. Bxf5
Bxf5 15. Qxf5 Qh4 16. Ne4 Be7 17. O-O-O Qg4 18. Qe5 Rae8 19. Nf4 f6 20. Qc7 Qc8
21. Qa5 Bd8 22. Qxh5 Rxe4 23. Rh1 Rf7 24. Qh6 Bc7 25. Nh5 Qe6 26. Rh3 f5 0-1

[Event "Prague International Open"]
[Site "Prague CZE"]
[Date "2019.03.10"]
[Round "3.20"]
[White "Rakesh, Kumar Jena"]
[Black "Gayun, Dmytro"]
[Result "1/2-1/2"]
[WhiteTitle "IM"]
[BlackTitle "FM"]
[WhiteElo "2416"]
[BlackElo "2260"]
[WhiteFideId "5084822"]
[BlackFideId "14141434"]
[EventDate "2019.03.09"]

1. d4 Nf6 2. Bf4 d5 3. e3 c5 4. Nd2 Nc6 5. c3 e6 6. Ngf3 cxd4 7. exd4 Bd6 8. Bg3
Nh5 9. Bxd6 Qxd6 10. Bb5 Bd7 11. O-O O-O 12. Nb3 b6 13. Re1 a6 14. Bxc6 Bxc6 15.
Ne5 Nf6 16. Nd2 Nd7 17. Qg4 Rae8 18. Qg3 f6 19. Nxd7 Qxd7 20. f4 a5 21. Re3 Qf7
22. Rae1 Bd7 23. Qf3 Qg6 24. Nf1 a4 25. Ng3 Qf7 26. a3 g6 27. Ne2 Bb5 28. Nc1
Bc4 29. g3 Qd7 30. Nd3 Bxd3 31. Rxd3 b5 32. Rde3 Re7 33. Kg2 Rfe8 34. h4 Rg7 35.
Qe2 Kf7 36. g4 h5 37. g5 f5 38. Rf3 Kg8 39. Qe5 Qc6 40. Rfe3 Rge7 41. Qf6 Kh7
42. Qe5 Kg8 43. R3e2 Kh7 44. Qe3 Kg8 45. Qe5 1/2-1/2

[Event "Prague International Open"]
[Site "Prague CZE"]
[Date "2019.03.10"]
[Round "3.27"]
[White "Dette, Jan"]
[Black "Popovic, Dusan"]
[Result "0-1"]
[BlackTitle "GM"]
[WhiteElo "2128"]
[BlackElo "2511"]
[WhiteFideId "12936677"]
[BlackFideId "927031"]
[EventDate "2019.03.09"]

1. c4 g6 2. g3 Bg7 3. Bg2 d6 4. e4 e5 5. Ne2 Nf6 6. Nbc3 O-O 7. O-O c6 8. d4
Nbd7 9. h3 Qa5 10. Be3 exd4 11. Bxd4 Re8 12. Bxf6 Nxf6 13. Qxd6 Be6 14. b3 Rad8
15. Qf4 Rd3 16. Rac1 g5 17. b4 gxf4 18. bxa5 f3 19. Bxf3 Rxf3 20. Nf4 Bxc4 21.
Rfe1 Bh6 0-1

[Event "Prague International Open"]
[Site "Prague CZE"]
[Date "2019.03.10"]
[Round "3.29"]
[White "Ivanov, Mikhail M"]
[Black "Vokoun, Jan"]
[Result "1-0"]
[WhiteTitle "GM"]
[BlackTitle "FM"]
[WhiteElo "2383"]
[BlackElo "2121"]
[WhiteFideId "4114906"]
[BlackFideId "301647"]
[EventDate "2019.03.09"]

1. d4 Nf6 2. c4 b6 3. Nc3 Bb7 4. Qc2 e6 5. e4 Bb4 6. Bd3 Nc6 7. Nf3 Be7 8. a3 d6
9. O-O e5 10. d5 Nb8 11. b4 O-O 12. h3 Ne8 13. Be3 Nd7 14. Na4 c5 15. dxc6 Bxc6
16. Nc3 g6 17. Nd5 Ng7 18. Qb3 Kh8 19. Bh6 f5 20. Rfe1 Bxd5 21. cxd5 Rf7 22.
Rac1 fxe4 23. Bxg7+ Kxg7 24. Bxe4 h6 25. Rc6 Nf6 26. Qc2 Nxe4 27. Rxe4 g5 28.
Nd2 Rf4 29. Nf1 h5 30. Ng3 Kh6 31. Rxe5 1-0

[Event "Prague International Open"]
[Site "Prague CZE"]
[Date "2019.03.10"]
[Round "3.32"]
[White "Skomorokhin, Roman"]
[Black "Zubova, Mariya"]
[Result "1-0"]
[WhiteTitle "IM"]
[BlackTitle "WFM"]
[WhiteElo "2323"]
[BlackElo "2117"]
[WhiteFideId "4112610"]
[BlackFideId "14118874"]
[EventDate "2019.03.09"]

1. Nf3 Nf6 2. c4 g6 3. Nc3 Bg7 4. e4 d6 5. d4 O-O 6. h3 e5 7. d5 h6 8. Be3 Nbd7
9. g4 Ne8 10. Qd2 Kh7 11. Bd3 c6 12. Bc2 Nb6 13. b3 cxd5 14. cxd5 Bd7 15. Rc1
Nc7 16. Ng1 Nc8 17. Nge2 Qh4 18. Ng3 Ne7 19. Nce2 Bf6 20. Bd3 Rfc8 21. Qb4 Bg5
22. Qxd6 Bb5 23. Bxg5 Qxg5 24. h4 Ne8 25. Qa3 1-0

[Event "Prague International Open"]
[Site "Prague CZE"]
[Date "2019.03.10"]
[Round "3.37"]
[White "Simek, Petr2"]
[Black "Benes, Miroslav"]
[Result "1-0"]
[WhiteTitle "FM"]
[WhiteElo "2290"]
[BlackElo "2074"]
[WhiteFideId "319260"]
[BlackFideId "325945"]
[EventDate "2019.03.09"]

1. d4 Nf6 2. c4 c5 3. d5 b5 4. cxb5 a6 5. bxa6 g6 6. Nc3 Bxa6 7. e4 Bxf1 8. Kxf1
d6 9. Nf3 Bg7 10. g3 O-O 11. Kg2 Nbd7 12. a4 Qa5 13. Bd2 Ng4 14. h3 Nge5 15.
Nxe5 Nxe5 16. Nb5 Qb6 17. Qe2 f5 18. f4 Nd7 19. Bc3 fxe4 20. Qxe4 Rf7 21. Rhd1
Qb7 22. Rd2 Nf6 23. Qc4 Bf8 24. Kh2 Nd7 25. b3 Bh6 26. Re1 Nb6 27. Qe4 c4 28. a5
Nd7 29. bxc4 Nc5 30. Qe2 Na4 31. Bb4 Rc8 32. Ra2 Nc5 33. Bxc5 Rxc5 34. a6 Qa8
35. a7 g5 36. fxg5 Bxg5 37. Rb1 1-0

[Event "Prague International Open"]
[Site "Prague CZE"]
[Date "2019.03.10"]
[Round "3.41"]
[White "Slampa, Jan"]
[Black "Vavruska, Antonin"]
[Result "1-0"]
[WhiteElo "2255"]
[BlackElo "2054"]
[WhiteFideId "332330"]
[BlackFideId "301329"]
[EventDate "2019.03.09"]

1. d4 e6 2. Nc3 d5 3. g3 Nf6 4. Bg2 c5 5. Nf3 Nc6 6. e3 Be7 7. O-O O-O 8. b3 b6
9. Bb2 Ba6 10. Rc1 Qc7 11. a3 Rac8 12. Ne5 Nxe5 13. dxe5 Nd7 14. f4 Bb7 15. Nb5
Qb8 16. c4 Rfd8 17. cxd5 Bxd5 18. Bxd5 exd5 19. Qxd5 Nf8 20. Qe4 a6 21. Nc3 Rd2
22. Nd5 Qa7 23. Bc3 Rxd5 24. Qxd5 Rd8 25. Qe4 Ne6 26. Rfd1 b5 27. Rxd8+ Bxd8 28.
f5 Ng5 29. Qd5 Bb6 30. h4 1-0

[Event "Prague International Open"]
[Site "Prague CZE"]
[Date "2019.03.10"]
[Round "3.42"]
[White "Novotny, Martin"]
[Black "Rodshtein, Tereza"]
[Result "1/2-1/2"]
[BlackTitle "WGM"]
[WhiteElo "2069"]
[BlackElo "2254"]
[WhiteFideId "383600"]
[BlackFideId "325449"]
[EventDate "2019.03.09"]

1. d4 d5 2. c4 c6 3. cxd5 cxd5 4. Bf4 Nc6 5. e3 Nf6 6. Nc3 e6 7. Bd3 Bd6 8. Bxd6
Qxd6 9. Nf3 O-O 10. O-O e5 11. Nb5 Qe7 12. dxe5 Nxe5 13. Nbd4 Rd8 14. Rc1 Bg4
15. Be2 Bxf3 16. Bxf3 Ne4 17. Qc2 Nxf3+ 18. Nxf3 g6 19. Rfd1 Rd7 20. h3 Re8 21.
Rd4 a6 22. Qb3 Nf6 23. Nd2 Rc7 24. Rd1 Qc5 25. Nb1 Qc2 26. Nc3 Qxb3 27. axb3 Re5
28. R1d3 1/2-1/2

[Event "Prague International Open"]
[Site "Prague CZE"]
[Date "2019.03.10"]
[Round "3.47"]
[White "Trapl, Dalibor"]
[Black "Bartos, Jan"]
[Result "1/2-1/2"]
[BlackTitle "FM"]
[WhiteElo "2047"]
[BlackElo "2204"]
[WhiteFideId "330744"]
[BlackFideId "315060"]
[EventDate "2019.03.09"]

1. c4 Nf6 2. Nc3 c5 3. g3 e6 4. Nf3 b6 5. Bg2 Bb7 6. O-O Be7 7. b3 O-O 8. Bb2 d5
9. cxd5 Nxd5 10. Nxd5 Bxd5 11. Qc2 Nc6 12. e4 Nb4 13. Qb1 Bb7 14. d4 cxd4 15.
Nxd4 Rc8 16. a3 Nc6 17. Rd1 Nxd4 18. Bxd4 Qe8 19. Qb2 f6 20. b4 e5 21. Qb3+ Qf7
22. Qxf7+ Kxf7 23. Be3 Rfd8 1/2-1/2

[Event "Prague International Open"]
[Site "Prague CZE"]
[Date "2019.03.10"]
[Round "3.49"]
[White "Gerlach, Felix Tobias"]
[Black "Lys, Josef"]
[Result "1-0"]
[BlackTitle "FM"]
[WhiteElo "2036"]
[BlackElo "2186"]
[WhiteFideId "12957690"]
[BlackFideId "302244"]
[EventDate "2019.03.09"]

1. c4 c6 2. g3 d5 3. Nf3 dxc4 4. Bg2 Nd7 5. O-O Nb6 6. a4 a5 7. Na3 Be6 8. Ng5
Bg4 9. h3 Bh5 10. g4 Bg6 11. f4 e6 12. d4 cxd3 13. e4 Be7 14. Be3 h6 15. Qb3 Ra6
16. Rad1 Bxg5 17. Rxd3 Qc7 18. fxg5 hxg5 19. Rfd1 Nd5 20. exd5 Bxd3 21. dxc6
Rxc6 22. Qxd3 Nf6 23. Nb5 Qb8 24. Ba7 1-0

[Event "Prague International Open"]
[Site "Prague CZE"]
[Date "2019.03.10"]
[Round "3.51"]
[White "Folk, Petr"]
[Black "Van Foreest, Machteld"]
[Result "1/2-1/2"]
[WhiteElo "2177"]
[BlackElo "2033"]
[WhiteFideId "302996"]
[BlackFideId "1051563"]
[EventDate "2019.03.09"]

1. e4 e5 2. Nf3 Nc6 3. d4 exd4 4. Bc4 Bc5 5. c3 Nf6 6. e5 d5 7. Be2 Ne4 8. cxd4
Bb4+ 9. Bd2 Nxd2 10. Nbxd2 O-O 11. O-O f6 12. a3 Bxd2 13. Qxd2 Bg4 14. Rad1 Qd7
15. exf6 Bxf3 16. Bxf3 Rxf6 17. Qg5 Ne7 1/2-1/2

[Event "Prague International Open"]
[Site "Prague CZE"]
[Date "2019.03.10"]
[Round "3.54"]
[White "Babicka, Michal"]
[Black "Plesek, Jiri"]
[Result "1/2-1/2"]
[WhiteElo "2022"]
[BlackElo "2162"]
[WhiteFideId "351849"]
[BlackFideId "305146"]
[EventDate "2019.03.09"]

1. e4 c6 2. d4 d5 3. Nd2 dxe4 4. Nxe4 Bf5 5. Ng3 Bg6 6. h4 h6 7. Nf3 Nd7 8. h5
Bh7 9. Bd3 Bxd3 10. Qxd3 e6 11. Bd2 Qc7 12. O-O-O O-O-O 13. Kb1 Ngf6 14. Ne4
Nxe4 15. Qxe4 Bd6 16. c4 c5 17. Bc3 Nf6 18. Qe2 cxd4 19. Nxd4 a6 20. Nb3 Qc6 21.
f3 Be7 22. g4 Rxd1+ 23. Rxd1 Rd8 24. Rxd8+ 1/2-1/2

[Event "Prague International Open"]
[Site "Prague CZE"]
[Date "2019.03.10"]
[Round "3.57"]
[White "Hurtak, Otto"]
[Black "De Seroux, Camille"]
[Result "1-0"]
[BlackTitle "WFM"]
[WhiteElo "2015"]
[BlackElo "2160"]
[WhiteFideId "383309"]
[BlackFideId "1305620"]
[EventDate "2019.03.09"]

1. d4 Nf6 2. Nf3 e6 3. e3 b6 4. Bd3 Bb7 5. O-O c5 6. b3 Nc6 7. c4 Be7 8. Nc3
cxd4 9. exd4 d5 10. Bb2 O-O 11. Rc1 Rc8 12. Re1 dxc4 13. bxc4 Na5 14. Ne5 Nd7
15. Nxd7 Qxd7 16. d5 Rfd8 17. Ne4 exd5 18. Nf6+ Bxf6 19. Bxf6 Qc6 20. Bxd8 Rxd8
21. cxd5 Qxd5 22. Be4 Qg5 23. Bxb7 Nxb7 24. Qd7 Nd6 25. Rc8 Rxc8 26. Qxc8+ 1-0

[Event "Prague International Open"]
[Site "Prague CZE"]
[Date "2019.03.10"]
[Round "3.61"]
[White "Demuth, Adrien"]
[Black "Sielicki, Tomasz"]
[Result "1-0"]
[WhiteTitle "GM"]
[WhiteElo "2510"]
[BlackElo "1996"]
[WhiteFideId "642274"]
[BlackFideId "1111400"]
[EventDate "2019.03.09"]

1. Nf3 d6 2. d4 g6 3. c4 Bg7 4. Nc3 c5 5. dxc5 Bxc3+ 6. bxc3 dxc5 7. Qxd8+ Kxd8
8. g3 Be6 9. Bg2 Nd7 10. Bf4 Ngf6 11. Ng5 Kc8 12. Rb1 Nb6 13. Nxe6 fxe6 14. a4
Kd7 15. Bxb7 Rad8 16. Ba6 e5 17. Bxe5 Ke6 18. Bc7 Rd7 19. Bxb6 Rb8 20. Bb5 Rdb7
21. Bxc5 a6 22. Bd4 Ne4 23. f3 Nf6 24. Kf2 1-0

[Event "Prague International Open"]
[Site "Prague CZE"]
[Date "2019.03.10"]
[Round "3.70"]
[White "Stary, Lukas"]
[Black "Kotrba, Tomas"]
[Result "1/2-1/2"]
[WhiteElo "1877"]
[BlackElo "2005"]
[WhiteFideId "322806"]
[BlackFideId "302210"]
[EventDate "2019.03.09"]

1. d4 Nf6 2. Bf4 c5 3. e3 Qb6 4. b3 d5 5. Nf3 Bg4 6. Be2 e6 7. O-O Nc6 8. c3 Be7
9. h3 Bh5 10. Nbd2 Rc8 11. Rc1 O-O 12. Ne1 Bxe2 13. Qxe2 cxd4 14. Nd3 Ba3 15.
Rc2 dxc3 16. Rxc3 Ne4 17. Nxe4 dxe4 18. Ne5 Nxe5 19. Bxe5 Qa5 20. Rxc8 Rxc8 21.
Bd4 e5 22. Bb2 Bxb2 23. Qxb2 Qc3 24. Qxc3 Rxc3 25. Rd1 g6 26. Rd7 Rc1+ 27. Kh2
Rc2 28. Kg3 1/2-1/2

[Event "Prague International Open"]
[Site "Prague CZE"]
[Date "2019.03.10"]
[Round "3.72"]
[White "Plasil, Petr"]
[Black "Krueger, Thomas"]
[Result "1-0"]
[WhiteElo "1989"]
[BlackElo "1591"]
[WhiteFideId "359360"]
[BlackFideId "4627970"]
[EventDate "2019.03.09"]

1. d4 Nf6 2. c4 e6 3. Nf3 b6 4. a3 Bb7 5. Nc3 Be7 6. d5 exd5 7. cxd5 Ba6 8. g3
O-O 9. Bg2 Re8 10. O-O d6 11. Re1 Nbd7 12. h3 h6 13. b4 Nh7 14. Nd4 Bb7 15. f4
Bf6 16. Bb2 Bxd4+ 17. Qxd4 Nhf6 18. Rac1 a6 19. Ne4 Rc8 20. g4 Qe7 21. g5 hxg5
22. fxg5 1-0

[Event "Prague International Open"]
[Site "Prague CZE"]
[Date "2019.03.10"]
[Round "3.82"]
[White "Kubik, Jaroslav"]
[Black "Tomanek, Karel"]
[Result "1-0"]
[WhiteElo "1716"]
[BlackElo "1360"]
[WhiteFideId "322970"]
[BlackFideId "393274"]
[EventDate "2019.03.09"]

1. c4 Nf6 2. Nc3 g6 3. d4 Bg7 4. Nf3 d5 5. cxd5 Nxd5 6. e4 Nb6 7. Be3 O-O 8. Qd2
Bg4 9. O-O-O a6 10. h3 Bd7 11. Bh6 Nc6 12. Bxg7 Kxg7 13. d5 Na5 14. Qd4+ f6 15.
Qb4 Bb5 16. Qxa5 Nc4 17. Bxc4 Bxc4 18. Qc5 Bb5 19. Nxb5 axb5 20. Nd4 1-0

[Event "Prague International Open"]
[Site "Prague CZE"]
[Date "2019.03.11"]
[Round "4.1"]
[White "Stefansson, Hannes"]
[Black "Bakhmatsky, Vladislav"]
[Result "1-0"]
[WhiteTitle "GM"]
[WhiteElo "2523"]
[BlackElo "2419"]
[WhiteFideId "2300087"]
[BlackFideId "14124890"]
[EventDate "2019.03.09"]

1. d4 Nf6 2. c4 g6 3. g3 Bg7 4. Bg2 O-O 5. Nc3 d6 6. Nf3 Nc6 7. O-O a6 8. Re1
Rb8 9. Rb1 Bf5 10. e4 Bg4 11. Be3 Nd7 12. Qd2 e5 13. d5 Bxf3 14. Bxf3 Nd4 15.
Bg2 c5 16. dxc6 bxc6 17. b4 Qc7 18. Rec1 Rb7 19. a3 Rfb8 20. Qa2 Qd8 21. Bf1 Qe7
22. Rb2 Nc5 23. Rcb1 Nce6 24. b5 Nc5 25. a4 Qe6 26. bxa6 Rxb2 27. Rxb2 Nxa6 28.
Rxb8+ Nxb8 29. a5 Na6 30. c5 Qxa2 31. Nxa2 Nxc5 32. a6 Nxa6 33. Bxa6 Ne6 34. Nb4
c5 35. Nd5 Bf8 36. Kf1 Kg7 37. Ke2 f6 38. Kd3 Nd8 39. Nc7 Kf7 40. Bc4+ Ke7 41.
Bg8 Bg7 42. Nd5+ Kf8 43. Bxh7 Kf7 44. f4 f5 45. exf5 gxf5 46. Bxf5 Nc6 47. h4 1-0

[Event "Prague International Open"]
[Site "Prague CZE"]
[Date "2019.03.11"]
[Round "4.2"]
[White "Gasanov, Eldar"]
[Black "Kozusek, Daniel"]
[Result "1-0"]
[WhiteTitle "GM"]
[WhiteElo "2500"]
[BlackElo "2350"]
[WhiteFideId "14104466"]
[BlackFideId "349500"]
[EventDate "2019.03.09"]

1. e4 e6 2. d3 d5 3. Qe2 Nf6 4. Nf3 c5 5. g3 b5 6. exd5 Nxd5 7. c4 bxc4 8. dxc4
Nf6 9. Bg2 Bb7 10. O-O Nbd7 11. Nc3 a6 12. Rd1 Be7 13. Bg5 Qb6 14. Rd3 Bc6 15.
Rad1 Ra7 16. Nh4 Bxg2 17. Kxg2 h6 18. Bc1 O-O 19. b3 Qc6+ 20. Kg1 Raa8 21. Nf5
Rfe8 22. Nxe7+ Rxe7 23. Rd6 Qb7 24. Bf4 Rc8 25. R1d2 Kh8 26. g4 Ree8 27. h4 Nf8
28. g5 hxg5 29. hxg5 N6d7 30. Ne4 f5 31. Rxd7 Nxd7 32. Nd6 Qc6 33. Qh5+ Kg8 34.
Qf7+ 1-0

[Event "Prague International Open"]
[Site "Prague CZE"]
[Date "2019.03.11"]
[Round "4.3"]
[White "Dong, Bao Nghia"]
[Black "Cernousek, Lukas"]
[Result "1/2-1/2"]
[BlackTitle "IM"]
[WhiteElo "2180"]
[BlackElo "2429"]
[WhiteFideId "12400343"]
[BlackFideId "311707"]
[EventDate "2019.03.09"]

1. d4 Nf6 2. Nf3 g6 3. h3 Bg7 4. Bf4 O-O 5. e3 d6 6. Bc4 b6 7. a4 a6 8. O-O Bb7
9. Nbd2 Nbd7 10. Bh2 Qe8 11. b4 e5 12. Ra3 e4 13. Ne1 b5 14. axb5 Nb6 15. bxa6
Nxc4 16. axb7 Rxa3 17. Nxc4 Rc3 18. Nxd6 cxd6 19. Bxd6 Qb5 20. Qa1 Rc6 21. Bxf8
Bxf8 22. d5 Nxd5 23. Qa8 Rb6 24. c4 Qxb4 25. cxd5 Rxb7 26. Nc2 Qb3 27. d6 Rd7
28. Qxe4 Rxd6 29. Nd4 Qd5 30. Qxd5 Rxd5 31. Ra1 Rd7 32. Ra8 h5 33. g4 hxg4 34.
hxg4 Kg7 35. Rc8 Bd6 36. Kg2 Be5 37. Nf3 Bf6 38. g5 Bb2 39. Rc2 Ba1 40. Nh2 Re7
41. Ng4 f6 42. gxf6+ Bxf6 43. Rc6 Bb2 44. f4 Rb7 45. e4 Rb4 46. Rc7+ Kf8 47. Kf3
Rb3+ 48. Ke2 Bd4 49. e5 Rg3 50. Nf6 g5 51. Rc4 Ba1 52. Rc8+ Kf7 53. Ne4 gxf4 54.
Nxg3 1/2-1/2